Most Popular People on Famous Birthdays - Statistics

General Stats
  • This quiz has been taken 44 times
  • The average score is 4 of 30
Answer Stats
Rank Answer % Correct
2 Justin Bieber
60%
15 Beyonce
49%
9 Taylor Swift
46%
30 Barack Obama
34%
7 Ariana Grande
31%
26 Michael Jackson
31%
18 Kim Kardashian
29%
5 Selena Gomez
26%
23 Kylie Jenner
14%
1 Jacob Sartorius
11%
22 Nicki Minaj
11%
3 Annie LeBlanc
6%
21 JoJo Siwa
6%
16 Mackenzie Ziegler
6%
8 Maddie Ziegler
6%
12 PewDiePie
6%
17 Shawn Mendes
6%
10 Jake Paul
3%
6 Baby Ariel
0%
13 Cameron Dallas
0%
11 Danielle Cohn
0%
28 Haden Summerall
0%
27 Johnny Orlando
0%
24 Lele Pons
0%
25 Liza Koshy
0%
19 Logan Paul
0%
4 Loren Gray
0%
20 MattyB
0%
14 RiceGum
0%
29 Tessa Brooks
0%
No matching quizzes found
Score Distribution
Percent of People with Each Score
Percentile by Number Answered
Your Score History
You have not taken this quiz